LEADER 05353nam 2200661 450 001 9910132206503321 005 20230803202250.0 010 $a1-118-85008-4 010 $a1-118-85022-X 010 $a1-118-85009-2 035 $a(CKB)3710000000106205 035 $a(EBL)1683388 035 $a(SSID)ssj0001194077 035 $a(PQKBManifestationID)11780648 035 $a(PQKBTitleCode)TC0001194077 035 $a(PQKBWorkID)11147622 035 $a(PQKB)10537434 035 $a(OCoLC)869825461 035 $a(MiAaPQ)EBC1683388 035 $a(DLC) 2014004530 035 $a(Au-PeEL)EBL1683388 035 $a(CaPaEBR)ebr10867123 035 $a(CaONFJC)MIL604404 035 $a(EXLCZ)993710000000106205 100 $a20140514h20142014 uy 0 101 0 $aeng 135 $aur|n|---||||| 181 $ctxt 182 $cc 183 $acr 200 00$aHandbook of fluoropolymer science and technology /$fedited by Dr. Dennis W. Smith Jr., Dr. Scott T. Iacono, Dr. Suresh S. Iyer ; contributors Olumide I. Adebolu [and fifty nine others] 210 1$aHoboken, New Jersey :$cWiley,$d2014. 210 4$d©2014 215 $a1 online resource (670 p.) 300 $aDescription based upon print version of record. 311 $a0-470-07993-2 320 $aIncludes bibliographical references at the end of each chapters and index. 327 $aHandbook of Fluoropolymer Science and Technology; Contents; Foreword; In Memoriam; Preface; Contributors; About the Editors; 1 Fluorinated Polyphosphazenes; 1.1 BACKGROUND; 1.2 SYNTHESIS METHODS AND PROPERTY DEVELOPMENT; 1.3 THE ROLE OF FLUORINE IN POLYPHOSPHAZENE SYNTHESIS CHEMISTRY; 1.3.1 Facilitation of Chlorine Replacement by Fluorinated Nucleophiles; 1.3.2 Enhancement of the Hydrolytic Stability and Resistance to Other Reagents When Fluorine Is Present in the Organic Side Groups; 1.3.3 Influence by the Structure of the Fluorinated Alkoxide Nucleophile; 1.3.4 Fluoroaryloxy Side Groups 327 $a1.3.5 Fluorinated Alkylamino Side Groups1.3.6 Poly(difluorophosphazene) and Derivatives as Alternatives to Poly(dichlorophosphazene); 1.3.7 Block Copolymers and Micelles; 1.4 PROPERTIES OF FLUORINATED POLYPHOSPHAZENES; 1.4.1 Solubility as a Function of Side Group Structure; 1.4.2 Solid State Properties; 1.4.3 Surface Properties; 1.4.4 Thermal and Thermo-Oxidative Stability; 1.5 EXISTING AND EMERGING APPLICATIONS FOR FLUORINATED POLYPHOSPHAZENES; 1.5.1 Fibers and Nanofibers; 1.5.2 Impact-Absorbing Elastomers; 1.5.3 Surface Coatings; 1.5.4 Radiation Resistant Polymers; 1.5.5 Membranes 327 $a1.5.6 Micelles1.5.7 Uses for Fluorophosphazene Oligomers; REFERENCES; 2 Mn2(CO)10-Visible Light Photomediated, Controlled Radical Polymerization of Main Chain Fluorinated Monomers and Synthesis of Block Copolymers Thereof; 2.1 INTRODUCTION; 2.2 VDF PHOTOPOLYMERIZATION CATALYST SELECTION; 2.3 EFFECT OF REACTION PARAMETERS AND MECHANISTIC CONSIDERATIONS; 2.3.1 Effect of Temperature and Light; 2.3.2 Solvent Effect; 2.3.3 Polymerization Mechanism and Initiator Evaluation; 2.4 SYNTHESIS OF WELL-DEFINED BLOCK COPOLYMERS FROM PVDF-I AND I-PVDF-I CHAIN ENDS; 2.5 CONCLUSIONS; REFERENCES 327 $a3 Interfacial Response of Semifluorinated Multi-Block Copolymers3.1 Introduction; 3.2 Simulation Model and Methodology; 3.3 Results and Discussion; 3.4 Conclusions; ACKNOWLEDGMENTS; REFERENCES; 4 FLUOROPOLYMER NANOCOMPOSITES; 4.1 Introduction and Overview; 4.2 Preparation of Fluoroalkyl End-Capped Oligomers; 4.3 Preparation and Thermal Stability of Fluoroalkyl End-Capped Oligomers/Silica Nanocomposites; 4.4 Preparation and Properties of Fluoroalkyl End-Capped Oligomers/Titanium Oxide Nanocomposites 327 $a4.5 Preparation and Properties of Fluoroalkyl End-Capped Oligomers/Calcium Carbonate Nanocomposites4.6 Preparation and Properties of Fluoroalkyl End-Capped Oligomeric Nanocomposites-Encapsulated Organic Guest Molecules; REFERENCES; 5 Thermal Degradation and Pyrolysis of Polytetrafluoroethylene; 5.1 Introduction; 5.2 Ptfe Pyrolysis; 5.2.1 Overview of Methods; 5.2.2 Mechanism of Pyrolysis; 5.3 Autogenous Reactions of Pyrolysis Products; 5.3.1 Mechanism of TFE Formation; 5.3.2 Mechanism of OFCB Formation; 5.3.3 Mechanism of Hexafluoropropylene Formation 327 $a5.3.4 Mechanism of Formation of Perfluorobutenes 330 $aHandbook of Fluoropolymer Science and Technology reviews fluoropolymer platforms of established commercial interest, as well as recently discovered methods for the preparation and processing of new fluorinated materials. Emphasis is placed on emerging technologies in optics, space exploration, fuel cells, microelectronics, gas separation membranes, biomedical instrumentation, and much more. In addition, the book covers the current environmental concerns associated with fluoropolymers, as well as relevant regulations and potential growth opportunities. 606 $aFluoropolymers 615 0$aFluoropolymers. 676 $a547/.84 702 $aSmith$b Dennis W.$cJr., 702 $aIacono$b Scott T. 702 $aIyer$b Suresh S. 702 $aAdebolu$b Olumide I. 801 0$bMiAaPQ 801 1$bMiAaPQ 801 2$bMiAaPQ 906 $aBOOK 912 $a9910132206503321 996 $aHandbook of fluoropolymer science and technology$92208132 997 $aUNINA LEADER 04433nam 2200709Ia 450 001 9910790139403321 005 20200520144314.0 010 $a1-283-85253-5 010 $a90-04-19387-1 024 7 $a10.1163/9789004193871 035 $a(CKB)2670000000173837 035 $a(EBL)1079778 035 $a(OCoLC)813166426 035 $a(SSID)ssj0000802080 035 $a(PQKBManifestationID)11431402 035 $a(PQKBTitleCode)TC0000802080 035 $a(PQKBWorkID)10795561 035 $a(PQKB)11041438 035 $a(SSID)ssj0000795966 035 $a(PQKBManifestationID)11462881 035 $a(PQKBTitleCode)TC0000795966 035 $a(PQKBWorkID)10786600 035 $a(PQKB)11523267 035 $a(MiAaPQ)EBC1079778 035 $a(OCoLC)651902020 035 $a(nllekb)BRILL9789004193871 035 $a(Au-PeEL)EBL1079778 035 $a(CaPaEBR)ebr10631697 035 $a(CaONFJC)MIL416503 035 $a(PPN)170414892 035 $a(EXLCZ)992670000000173837 100 $a20100830d2010 uy 0 101 0 $aeng 135 $aurcn||||||||| 181 $ctxt 182 $cc 183 $acr 200 00$aKorea 2010$b[electronic resource] $epolitics, economy and society /$fedited by Ru?diger Frank ... [et al.] 210 $aLeiden $cBrill ;$aBiggleswade $cExtenza Turpin [distributor]$d2010 215 $a1 online resource (315 p.) 225 0 $aBrill eBook titles 300 $aDescription based upon print version of record. 311 $a90-04-18535-6 320 $aIncludes bibliographical references. 327 $tPreliminary Material /$rRüdiger Frank , James E. Hoare , Patrick Köllner and Susan Pares -- $tChronology of Events in the Korean Peninsula 2009 /$rRüdiger Frank , James E. Hoare , Patrick Köllner and Susan Pares -- $tSouth Korea in 2009: /$rPatrick Köllner -- $tNorth Korea in 2009: /$rRüdiger Frank -- $tRelations Between the Two Koreas in 2009 /$rSabine Burghart and James E. Hoare -- $tForeign Relations of the Two Koreas in 2009 /$rJames E. Hoare -- $tConflict Management in Urban Planning: /$rAnnette J. Erpenstein -- $tThe Role of Think Tanks in the South Korean Discourse on East Asia /$rThomas Kern and Alexander Ruser -- $tSouth Korea?s Economic Policy Response to the Global Financial Crisis /$rWerner Pascha -- $t?Green Growth?: South Korea?s Panacea? /$rDavid Shim -- $tSouth Korea?s Economic Relations with India: /$rDurgesh K. Rai -- $tOn the Trail of the Manchurian Western /$rMark Morris -- $tA Meta-Analysis of North Koreans Migrating to China and South Korea /$rDaniel Schwekendiek -- $tTextual and Visual Representations of the Korean War in North and South Korean Children?s Literature /$rDafna Zur -- $tAbout the Authors and Editors /$rRüdiger Frank , James E. Hoare , Patrick Köllner and Susan Pares -- $tMap of the Korean Peninsula /$rRüdiger Frank , James E. Hoare , Patrick Köllner and Susan Pares. 330 $aKorea 2010: Politics, Economy and Society contains concise overview articles covering domestic developments and the economy in both South and North Korea as well as inter-Korean relations and foreign relations of the two Koreas in 2009. A detailed chronology complements these articles. South Korea-related refereed articles in the 2010 edition of the yearbook deal with the restoration of the Ch'?nggyech'?n River in Seoul, the role of think tanks in the discourse on East Asia, the economic policy response to the global financial crisis, the 'green growth' policy of the Lee Myung-bak government, economic relations with India, and the 'Manchurian western' genre in South Korean cinema. Additional refereed articles provide a meta-analysis of North Korean migration to China and South Korea and illuminate representations of the Korean War in North and South Korean children's literature. 410 0$aKorea: Politics, Economy and Society$v4. 606 $aInternational relations 607 $aKorea$xEconomic conditions$y21st century 607 $aKorea$xForeign relations 607 $aKorea$xPolitics and government$y21st century 607 $aKorea$xSocial conditions$y21st century 615 0$aInternational relations. 676 $a951.905 701 $aFrank$b Ru?diger$f1969-$01468748 801 0$bMiAaPQ 801 1$bMiAaPQ 801 2$bMiAaPQ 906 $aBOOK 912 $a9910790139403321 996 $aKorea 2010$93695386 997 $aUNINA